Datum a čas kvízu
39.5
Celkem bodů
Celkový počet nahraných bodů na tomto kvízu bez doplňovacích otázek.
2.
Pořadí na kvízu
Konečné umístění týmu na tomto kvízu.
Zaznamenané odpovědi
| # | Otázka | Odpověď | Body | Výsledky |
|---|---|---|---|---|
| 1. | Která česká politička se stala... | Markéta Pekarová-Adamová | 0 | |
| 2. | Jeden turista zveřejnil video... | v Číně | 1 | |
| 3. | Ve čtvrtek 6. června si na půd... | D) sklářství | 1 | |
| 4. | Italská společnost, která je t... | Ferrero, Nutella | 0 | |
| 5. | Fotbalové EURO se blíží. Hrají... | Island | 0 | |
| 6. | Dostanete vždy pět indicií, kt... | Anna Kareninová/Karenina | 1 | |
| 7. | Irsko – Homér – Bloom – jeden... | Odysseus | 1 | |
| 8. | Irving – cider – gynekolog – T... | Pravidla moštárny | 0 | |
| 9. | Roman – okupace – Tibet – Lakm... | Spalovač mrtvol | 0 | |
| 10. | Karviná – kronika – sv. Petr... | Šikmý kostel | 1 |